00509nam a2200181 a 4500008004100000020001500041050001400056100002300070245004600093250001200139260003800151300001500189350000900204650001400213650003600227650002900263650003500292120416s1973 ||||||||||||||||| || u a0471140767 aKB 85 Int aCataldo, Bernard F10aIntroduction to law and the legal process a2nd ed. aLondonbJohn Wiley and Sonsc1973 avii, 640p. a0.00 aCONTRACTS aJudicial process--United States aCONTRACTS--UNITED STATES aProcedure (Law)--United States